00984nam a2200277 a 4500001001000000003000900010005001700019007001000036008003200046040002200078082002900100100003600129245008400165250001200249260005300261300003600314500003300350504003200383534010300415590002600518651006300544700003100607910003900638942001200677999001700689000027557DO-SdBNP20240903130835.0000027557110401s1983 dr ac 000 0 spa d aBPMSUbspacBPMSU 4a972.9304bA669h 19832221 aArchambault, Pedro M. (María)10aHistoria de la restauración /cPedro M. Archambault ; prólogo Rafael Vidal  a3a. ed. aSanto Domingo :bEditora de Santo Domingo,c1983 a330 p. :bil., retrs. ;c21 cm. aIncluye índice analítico aBibliografía : p. 313-323 pIncluye portada de la edición publicada en:cParís: La Libraire Technique et Economique, 1938. aInventariado, 2024/VM 4aRepública Dominicana xHistoria yRestauración 1863-651 aVidal, Rafael,eprólogo  aVMateo V. Control de calidad BPMSU 2ddccBK c14795d14795